European Union law : cases and materials. / (Record no. 5532)
[ view plain ]
| 000 -LEADER | |
|---|---|
| fixed length control field | 01888cam a22003254a 4500 |
| 001 - CONTROL NUMBER | |
| control field | 16453505 |
| 003 - CONTROL NUMBER IDENTIFIER | |
| control field | OSt |
| 005 - DATE AND TIME OF LATEST TRANSACTION | |
| control field | 20210414114447.0 |
| 008 - FIXED-LENGTH DATA ELEMENTS--GENERAL INFORMATION | |
| fixed length control field | 100910s2010 enkb b 001 0 eng |
| 010 ## - LIBRARY OF CONGRESS CONTROL NUMBER | |
| LC control number | 2010485048 |
| 020 ## - INTERNATIONAL STANDARD BOOK NUMBER | |
| International Standard Book Number | 9780521121514 (pbk.) |
| 040 ## - CATALOGING SOURCE | |
| Original cataloging agency | DLC |
| Transcribing agency | DLC |
| 042 ## - AUTHENTICATION CODE | |
| Authentication code | pcc |
| 043 ## - GEOGRAPHIC AREA CODE | |
| Geographic area code | e------ |
| 050 00 - LIBRARY OF CONGRESS CALL NUMBER | |
| Classification number | KJE947.E883(2e) |
| 100 1# - MAIN ENTRY--PERSONAL NAME | |
| Personal name | Chalmers, Damian. |
| 245 10 - TITLE STATEMENT | |
| Title | European Union law : cases and materials. / |
| Statement of responsibility, etc. | Damian Chalmers, Gareth Davies, Giorgio Monti. |
| 250 ## - EDITION STATEMENT | |
| Edition statement | 2nd ed. |
| 260 ## - PUBLICATION, DISTRIBUTION, ETC. | |
| Place of publication, distribution, etc. | Cambridge : |
| Name of publisher, distributor, etc. | Cambridge University Press, |
| Date of publication, distribution, etc. | 2010. |
| 300 ## - PHYSICAL DESCRIPTION | |
| Extent | xci, 1116 p. : |
| Other physical details | maps ; |
| Dimensions | 26 cm. |
| 500 ## - GENERAL NOTE | |
| General note | Includes index |
| 505 0# - FORMATTED CONTENTS NOTE | |
| Formatted contents note | Contents: European integration and the treaty on European Union -- Constitutionalism and the 'failure' of the constitutional treaty -- The EU institutions -- Community law-making -- Sovereignty and federalism : the authority of EU law and its limits -- Fundamental rights -- Judicial relations in the European Union -- Accountability in the European Union -- The enforcement of European law -- Judicial review : the legal accountability of the community institutions -- The single market -- Economic and monetary union -- Union citizenship -- EU law and non-EU nationals -- Free movement of goods and the economic constitution -- The pursuit of an occupation in another member state -- Free movement of services -- Financial services -- Trade restrictions and public goods -- Discrimination law -- EC competition law : functions and enforcement -- Restrictive practices -- Abuse of a dominant position -- Merger policy -- State regulation and EC competition law. |
| 610 20 - SUBJECT ADDED ENTRY--CORPORATE NAME | |
| Corporate name or jurisdiction name as entry element | European Union. |
| 650 #0 - SUBJECT ADDED ENTRY--TOPICAL TERM | |
| Topical term or geographic name entry element | Law |
| Geographic subdivision | European Union countries. |
| 700 1# - ADDED ENTRY--PERSONAL NAME | |
| Personal name | Davies, Gareth. |
| 700 1# - ADDED ENTRY--PERSONAL NAME | |
| Personal name | Monti, Giorgio. |
| 730 0# - ADDED ENTRY--UNIFORM TITLE | |
| Uniform title | European Union law. |
| 906 ## - LOCAL DATA ELEMENT F, LDF (RLIN) | |
| a | 7 |
| b | cbc |
| c | origcop |
| d | 2 |
| e | ncip |
| f | 20 |
| g | y-gencatlg |
| 942 ## - ADDED ENTRY ELEMENTS (KOHA) | |
| Source of classification or shelving scheme | Library of Congress Classification |
| Koha item type | Books |
| Withdrawn status | Lost status | Source of classification or shelving scheme | Damaged status | Not for loan | Home library | Current library | Shelving location | Date acquired | Total Checkouts | Full call number | Barcode | Date last seen | Price effective from | Koha item type |
|---|---|---|---|---|---|---|---|---|---|---|---|---|---|---|
| Library of Congress Classification | WISCONSIN INTERNATIONAL UNIVERSITY COLLEGE, GHANA - MAIN LIBRARY | WISCONSIN INTERNATIONAL UNIVERSITY COLLEGE, GHANA - MAIN LIBRARY | Law Library | 11/06/2015 | KJE947.E883(2e) | 042/15 | 11/06/2015 | 11/06/2015 | Books |
